000 00544nam a2200181Ia 4500
003 GCL
008 140319s9999 xx 000 0 ara d
040 _aGCL /
_cGCL
082 0 4 _a811.912
_bاف
100 1 _aاحمد ماهر محمود البقرى
245 1 0 _aفى الشعر المعاصر /
_cاحمد ماهر محمود البقرى
260 _a[S.N] :
_bمؤسسة شباب الجامعة ،
_c1989
300 _a240 ص
490 _a
650 0 4 _aالشعر العربى
650 0 4 _aتاريخ ونقد
942 _2ddc
_cBK
999 _c40654
_d40654